| 000 | 00435nam a2200169Ia 4500 | ||
|---|---|---|---|
| 005 | 20250423100254.0 | ||
| 008 | 250422s9999 xx 000 0 und d | ||
| 020 | _a0- 8431- 0428- 7 | ||
| 050 | _aPN 6231 .M82 .B57/ | ||
| 100 | _aArthur Bloch | ||
| 245 | 0 | _aMurphy's law and other reasons why things go wrong | |
| 260 | _aUSA | ||
| 260 | _bPrice/ stern/ sloan publishers, inc. | ||
| 260 | _c1977 | ||
| 300 | _a96 p | ||
| 942 | _cBK | ||
| 999 |
_c32802 _d32802 |
||